Word Ladder: Von Trapp Song Quiz Stats

 Plays Quiz Updated Jul 14, 2015

Challenge
Share
Tweet
Embed
Score 0/36 Timer 04:00
1 Play Today
Hint 4-Letter Word % Correct
Table Tennis: Ping ____PONG
96.8%
Santa's lair: North ____POLE
96.4%
♫ Do - a ____ a female ____♫ DEER ♫
95.8%
♫ Fa - a ____, ____ way to run ♫♫ LONG ♫
95.3%
Chicken houseCOOP
94.6%
♫ Mi - a ____ I call myself ♫♫ NAME ♫
94.2%
Smelling organNOSE
94.2%
♫ So - a needle ____ing thread ♫♫ PULL ♫
93.3%
♫ Re - a ____ of golden sun ♫♫ DROP ♫
92.9%
Cut a photoCROP
92.8%
____ Ranger and TontoLONE
92.6%
Survey of opinionsPOLL
92.2%
EntrywayDOOR
91.7%
♫ Which brings us ____ to do … ♫♫ BACK ♫
90.9%
CornbreadPONE
90.2%
Horse x DonkeyMULE
89%
Think overMULL
88.9%
♫ La - a ____ to follow so ♫♫ NOTE ♫
88.7%
Hint 4-Letter Word % Correct
♫ Ti - a drink ____ jam and bread ♫♫ WITH ♫
88.3%
Not a oneNONE
88.1%
Arrived or attendedCAME
87.6%
Johan SebastianBACH
87.5%
Person who actsDOER
87.2%
Alaskan cityNOME
86.2%
Outdoor living placeCAMP
82.6%
Free ticketCOMP
81.9%
A ____ by any other name...ROSE
81%
Bubble ____ or mud ____BATH
80.9%
Floating, green Marvel characterDOOP
80.1%
Silent swan?MUTE
78.2%
Speck of dustMOTE
76.1%
Woods trackPATH
76.1%
Spongy stem centerPITH
72.6%
DesireWISH
71.8%
LearnedWISE
66.2%
Astronomically, the opposite of setRISE
66.1%

Today's Daily Dose

You're not logged in!

Compare scores with friends on all Sporcle quizzes.
Join for Free
OR
Log In

You Might Also Like...

Show Comments

Extras

Top Quizzes Today


Score Distribution

Your Account Isn't Verified!

In order to create a playlist on Sporcle, you need to verify the email address you used during registration. Go to your Sporcle Settings to finish the process.

Report this User

Report this user for behavior that violates our Community Guidelines.

Details: